Loading...
Fine Arts - Other Fine Arts | 2 | 15.00 | 100% | 50% | 0% |
Geography | 1 | 20.00 | 100% | 100% | 0% |
History - American History | 5 | 16.00 | 100% | 40% | 20% |
History - European History | 3 | 6.67 | 67% | 0% | 0% |
History - Other History | 3 | 16.67 | 100% | 33% | 33% |
History - World History | 3 | 13.33 | 100% | 33% | 0% |
Literature - American Literature | 3 | 16.67 | 100% | 33% | 33% |
Literature - British Literature | 4 | 12.50 | 75% | 50% | 0% |
Literature - European Literature | 2 | 15.00 | 100% | 50% | 0% |
Mythology | 2 | 10.00 | 50% | 50% | 0% |
Painting/Sculpture | 2 | 20.00 | 100% | 50% | 50% |
Philosophy | 2 | 5.00 | 50% | 0% | 0% |
Pop Culture | 1 | 10.00 | 100% | 0% | 0% |
Religion | 3 | 13.33 | 100% | 0% | 33% |
Science - Biology | 3 | 10.00 | 100% | 0% | 0% |
Science - Chemistry | 3 | 20.00 | 100% | 67% | 33% |
Science - Other Science | 6 | 13.33 | 100% | 33% | 0% |
Science - Physics | 5 | 22.00 | 100% | 100% | 20% |
Social Science | 2 | 10.00 | 100% | 0% | 0% |